|
|
|
|
| LEADER |
00000nab a2200000 a 4500 |
| 001 |
vtls008837209 |
| 003 |
SK-MaSNL |
| 005 |
20260304165643.0 |
| 008 |
250505c2006 xo mr|p|||||||000 b|slo |
| 015 |
|
|
|a SNBRB2006/06
|2 snkbucl
|
| 035 |
|
|
|a (uuid)19163da7-4bdc-4ae7-a28d-86a586a43db1
|
| 035 |
|
|
|a urn:nbn:sk:snk-ab20px
|
| 035 |
|
|
|a (urnnbn)urn:nbn:sk:snk:ar-a01dcx
|
| 038 |
|
|
|a SNKBUCL
|
| 040 |
|
|
|a SNKBUCL
|b slo
|c SNKBUCL
|e AACR2
|
| 041 |
0 |
|
|a slo
|
| 044 |
|
|
|a xo
|c SK
|
| 080 |
|
|
|a 78.071.2:787.1
|2 2001
|
| 080 |
|
|
|a 929 Karvay, Dalibor
|2 2001
|
| 080 |
|
|
|a 78.071.2:785.7
|2 2001
|
| 245 |
0 |
0 |
|a Zlaté husle a Dalibor Karvay v Londýne
|
| 300 |
|
|
|b Fotogr.
|
| 600 |
1 |
7 |
|a Karvay, Dalibor,
|d 1985-
|2 snkbucl
|9 113998
|
| 610 |
2 |
7 |
|a Zlaté husle (orchester)
|2 snkbucl
|9 496940
|
| 648 |
|
7 |
|a 2006
|2 snkbucl
|9 313148
|
| 650 |
0 |
7 |
|a koncerty
|2 snkbucl
|9 19182
|
| 651 |
|
7 |
|a Londýn (Anglicko)
|2 snkbucl
|9 14622
|
| 773 |
0 |
|
|t Hudobný život
|g Roč. XXXVIII, č. 7-8 (2006), s. [2]
|x 1336-4140
|
| 850 |
|
|
|a Slovenská národná knižnica
|
| 852 |
|
|
|a Slovenská národná knižnica
|
| 954 |
|
|
|a odborná, vedecká literatúra pôvodná (slovenská)
|2 lita
|
| 958 |
|
|
|a article27
|
| 958 |
|
|
|a OND
|
| 958 |
|
|
|a BX
|
| 958 |
|
|
|a SK
|
| 958 |
|
|
|a EUIPO
|
| 999 |
|
|
|c 2985131
|d 2987061
|